Clueless A-Z - Statistics

General Stats
  • This quiz has been taken 13 times
    12 since last reset
  • The average score is 14 of 24
Answer Stats
Hint Answer % Correct
Mel: "What the hell is that?"Cher: "A dress." Mel: "Says who?” Cher: "_____ _____." Calvin Klein
100%
Car Cher drives Jeep
100%
"Would you look at that ____? She is so adorably clueless." girl
89%
Cher’s last name Horowitz
89%
Profession of Cher's dad, Mel Litigator
89%
Place where Cher goes to recenter herself The mall
89%
"And in conclusion, may I please remind you that it does not say 'RSVP' on the ______ __ _______." Statue of Liberty
78%
Much used expression in the movie Whatever!
78%
Color of Cher's iconic plaid outfit Yellow
78%
Class where Cher tries to raise her grade Debate
67%
Term given to cute guys Baldwin
56%
Breakfast sandwich Travis thanks in his tardiness speech Egg McMuffins
56%
"I can't find my Cranberries CD. I gotta go to the ____ before anyone snags it." quad
56%
Location of the house party The Valley
56%
"Searching for a boy in high school is as _______ as searching for meaning in a Pauly Shore movie." useless
56%
What Cher takes while trying on outfits because she doesn't rely on mirrors Polaroids
44%
"Christian said he'd call the next day, but in boy time that meant ________." Thursday
44%
Brand of dress Cher is wearing when she is held at gunpoint Alaïa
33%
"Dionne and I were both named after famous singers of the past, who now do ____________." infomercials
33%
"He's a disco-dancing, _____ ______-reading, Streisand ticket-holding friend of Dorothy, know what I'm saying?" Oscar Wilde
33%
Beverly Hills locale where Cher wanders after failing her driver's test Rodeo Drive
33%
What does Cher think is the worst thing about high school boys? Fashion sense
22%
"Okay, so you're probably going, 'Is this like a _______ commercial or what?'" Noxzema
22%
Yiddish term used by Dionne Kvelling
11%
No matching quizzes found
Score Distribution
Percent of People with Each Score
Percentile by Number Answered
Your Score History
You have not taken this quiz since the last reset